ARRUPE JESUIT UNIVERSITY

CORONAVIRUS -STOP THE SPREAD - CLEAN,DISINFECT,COVER

If it die-- / (Record no. 119072)

MARC details
000 -LEADER
fixed length control field 00938cam a22003131a 4500
001 - CONTROL NUMBER
control field 8373539
003 - CONTROL NUMBER IDENTIFIER
control field ARRUPE
005 - DATE AND TIME OF LATEST TRANSACTION
control field 20131204135156.0
008 - FIXED-LENGTH DATA ELEMENTS--GENERAL INFORMATION
fixed length control field 750912s1950 enk 000 0aeng
010 ## - LIBRARY OF CONGRESS CONTROL NUMBER
LC control number 52001287
015 ## - NATIONAL BIBLIOGRAPHY NUMBER
National bibliography number GB50-10313
035 ## - SYSTEM CONTROL NUMBER
System control number (OCoLC)1621533
040 ## - CATALOGING SOURCE
Original cataloging agency DLC
Transcribing agency NmLcU
Modifying agency OCoLC
-- Uk
-- TxU-Hu
-- DLC
041 1# - LANGUAGE CODE
Language code of text/sound track or separate title eng
Language code of original and/or intermediate translations of text fre
042 ## - AUTHENTICATION CODE
Authentication code premarc
050 00 - LIBRARY OF CONGRESS CALL NUMBER
Classification number PQ2613.I2
Item number Z52 1950
082 ## - DEWEY DECIMAL CLASSIFICATION NUMBER
Classification number 928.4
300 ## - PHYSICAL DESCRIPTION
Dimensions 24 cm.
100 1# - MAIN ENTRY--PERSONAL NAME
Personal name Gide, André,
Dates associated with a name 1869-1951.
9 (RLIN) 5118
240 10 - UNIFORM TITLE
Uniform title <a href="Si le grain ne meurt.">Si le grain ne meurt.</a>
Language of a work English
245 10 - TITLE STATEMENT
Title If it die-- /
Statement of responsibility, etc André Gide ; translated by Dorothy Bussy.
260 ## - PUBLICATION, DISTRIBUTION, ETC. (IMPRINT)
Place of publication, distribution, etc London :
Name of publisher, distributor, etc Secker & Warburg,
Date of publication, distribution, etc 1950.
300 ## - PHYSICAL DESCRIPTION
Extent 301 p. ;
500 ## - GENERAL NOTE
General note Autobiographical.
500 ## - GENERAL NOTE
General note Translation of: Si le grain ne meurt.
600 10 - SUBJECT ADDED ENTRY--PERSONAL NAME
Personal name Gide, André,
Dates associated with a name 1869-1951.
9 (RLIN) 5119
700 1# - ADDED ENTRY--PERSONAL NAME
Personal name Bussy, Dorothy.
9 (RLIN) 5120
906 ## - LOCAL DATA ELEMENT F, LDF (RLIN)
a 7
b cbc
c oclcrpl
d u
e ncip
f 19
g y-gencatlg
942 ## - ADDED ENTRY ELEMENTS (KOHA)
Source of classification or shelving scheme Library of Congress Classification
Koha item type Monograph ( Printed materials)
Holdings
Withdrawn status Lost status Source of classification or shelving scheme Damaged status Not for loan Home library Current library Shelving location Date acquired Total Checkouts Full call number Barcode Date last seen Price effective from Koha item type
    Library of Congress Classification     ARRUPE LIBRARY ARRUPE LIBRARY Main Collection 04/12/2013   PQ2613.I2 Z52 1950 464123432 26/03/2019 04/12/2013 Monograph ( Printed materials)

 

Arrupe Library. PO Box MP320 Mt Pleasant, Harare, Zimbabwe
263 242 745411|librarian@aju.ac.zw